MARC

LEADER 00000nas a2200000 i 4500
001 ssj0001454338
003 WaSeSS
005 20200512172242.0
006 m d
007 cr n
008 100303c20129999nyuqr p s | a0eng
010 |a  2010207843 
022 |y 2153-6821 
035 |a (WaSeSS)ssj0001454338 
037 |b Nova Science Publishers, Inc., 400 Oser Ave., Ste. 1600, Hauppauge, NY 11788-3619  |c $55.00 (single issue) 
040 |a DLC  |b eng  |c DLC  |d DLC  |d OCLCQ  |d OCLCF  |d OCLCO  |d CUS  |d WaSeSS 
042 |a pcc  |a nsdp 
050 0 0 |a TS155.7  |b .J68 
082 0 0 |a 658.5005  |2 23 
210 0 |a J. sustain. manuf. renew. energy 
222 0 |a Journal of sustainable manufacturing and renewable energy 
245 0 0 |a Journal of sustainable manufacturing and renewable energy  |h [electronic resource]. 
260 |a Hauppauge, New York :  |b Nova Science Publishers, Inc.,  |c ©2012- 
310 |a Quarterly 
362 1 |a Began with: V. 1, issue 1/2 (©2012). 
506 |a License restrictions may limit access. 
588 |a Description based on: V. 1, issue 1/2 (©2012); title from cover. 
588 |a Latest issue consulted: V. 1, issue 1/2 (©2012). 
650 0 |a Production management  |x Environmental aspects  |v Periodicals. 
650 0 |a Manufacturing processes  |x Environmental aspects  |v Periodicals. 
650 0 |a Renewable energy sources  |v Periodicals. 
650 7 |a Manufacturing processes  |x Environmental aspects.  |2 fast  |0 (OCoLC)fst01008168 
650 7 |a Production management  |x Environmental aspects.  |2 fast  |0 (OCoLC)fst01078318 
650 7 |a Renewable energy sources.  |2 fast  |0 (OCoLC)fst01094570 
655 0 |a Electronic journals. 
850 |a DLC 
856 4 0 |z Full text available from Research Library: 01/01/2012 to 01/31/2014  |u https://search.proquest.com/publication/2034825